000
00302nam a22001337a 4500
008
210527b ||||| |||| 00| 0 eng d
041
_a
eng
080
_a
32
082
_a
32
100
_a
21
101
_a
POL
245
_a
The Industrial Workers Of The World 1905-1917
_c
Foner,P.S
942
_2
udc
_c
BK
999
_c
57711
_d
57711